00373 2200157 4500001002100000005001500021035002000036245003500056100001200091250001200103300002400115260003700139082000800176084001400184020001700198INLIS00000000000116320260430120610 a0010-04260000211 aperjalanan ke sawah /cwartono0 awartono apertama a24 hlm :bilustrasi ajakarta :bKEMENdikdasmen,c2023 a813 a813 WAR p a786024377748